| 000 | 00859cam a2200217 4500 | ||
|---|---|---|---|
| 001 | WB3606-04 | ||
| 008 | 000000n2000 000 0 eng u | ||
| 035 | _a(Sirsi) u104106 | ||
| 245 | _aPublic contracts ruling | ||
| 260 | _c2000 | ||
| 490 |
_aCSM _bChartered Surveyor Monthly _vFebruary 2000, 8(1) |
||
| 520 | _aThe European Court of Justice has ruled that if a company wishes to tender for a public works contract but does not have sufficient financial or technical resources, they can put forward information on related companies who do, whatever the connection between them. | ||
| 590 | _aWB | ||
| 650 | _aPUBLIC WORKS CONTRACTS | ||
| 650 | _aEUROPEAN COURT OF JUSTICE | ||
| 650 | _aSUBSIDIARY COMPANIES | ||
| 650 | _aTENDERING | ||
| 650 | _aRUHRWASSER | ||
| 690 | _aBUILDING AND CONSTRUCTION-PROCUREMENT, PARTNERING, TENDERING | ||
| 942 | _n0 | ||
| 999 |
_c62481 _d62481 |
||